000 00316nam a22001337a 4500
008 170710b xxu||||| |||| 00| 0 eng d
020 _a0201135000
041 _aeng
080 _a030
100 _a23
101 _aENC
245 _aENCYCLOPEDIA OF MATHEMATICS AND ITS APPLICATIONS
_cSANTALO,L.A
942 _2udc
_cBK
999 _c20141
_d20141